Η διανομή του εισοδήματος : διπλωματική εργασία

Αποθηκεύτηκε σε:
Λεπτομέρειες βιβλιογραφικής εγγραφής
Κύριος συγγραφέας: Μαμφρέδα, Κωνσταντίνα
Συγγραφή απο Οργανισμό/Αρχή: Πανεπιστήμιο Αιγαίου Σχολή Επιστημών της Διοίκησης Τμήμα Διοίκησης Επιχειρήσεων - Τ.Δ.Ε
Άλλοι συγγραφείς: Ξυδέας, Ευάγγελος (Εισηγητής διατριβής)
Μορφή: Thesis Βιβλίο
Γλώσσα:Greek
Δημοσίευση: 2000
Θέματα:
Ετικέτες: Προσθήκη ετικέτας
Δεν υπάρχουν, Καταχωρήστε ετικέτα πρώτοι!

MARC

LEADER 00000cam a2200000 i 4500
001 1/17510
008 010222s2000 gre d
035 |l 10066164 
040 |a GR-MY-UA  |b gre  |e aacr 
041 0 |a gre 
082 0 |a 339.2  |2 (22) 
100 1 |a Μαμφρέδα, Κωνσταντίνα. 
245 1 2 |a Η διανομή του εισοδήματος :  |b διπλωματική εργασία /  |c Μαμφρέδα Κωνσταντίνα ; Επιβλέπων καθηγητής: Ε. Ξυδέας 
260 |c 2000 
300 |a 103 σ. 
502 |a Πτυχιακή εργασία – Πανεπιστήμιο Αιγαίου, Χίος, 2000. 
610 2 0 |a Πανεπιστήμιο Αιγαίου. 
650 0 0 |a Income. 
650 0 0 |a Income distribution. 
650 0 0 |a Dissertations, Academic  |z Greece. 
700 1 |a Ξυδέας, Ευάγγελος.  |4 ths 
710 1 |a Πανεπιστήμιο Αιγαίου  |b Σχολή Επιστημών της Διοίκησης  |b Τμήμα Διοίκησης Επιχειρήσεων - Τ.Δ.Ε. 
852 |a INST  |b CHIOS  |c DIATR  |e 20030306  |h 339.2 ΜΑΜ  |p 005200013832  |q 005200013832  |t DIE  |y 23 
852 |a INST  |b CHIOS  |c DIATR  |e 20010222  |h 339.2 ΜΑΜ  |p 005200017387  |q 005200017387  |t DIE  |y 23 
901 |a BIBL2-2001-1 
901 |a BIBL2-2003-1 
909 |a Χ  |b 083443 
909 |a Χ  |b 100160 
924 |a Μαμφρέδα  |b Κωνσταντίνα  |y Χίος  |z 2001-02 
970 |a Πουλάκη  |b Στέλλα  |z 2001/02/22